009690000a22002170004500090001400000245011400014300001100128500003900139650003200178650003100210650001800241650003100259041001300290044001900303110005800322260006500380942001300445773011800458999001700576952015800593 aARb0384810aStrategies and experiences to implement legal origin provisions on genetic resource and traditional knowledge ap. 1-5 a14aRecursos genéticos99275714aConvenios de acceso99766814aEquidad9381314aPaises megadiversos9104400 aInglés aEstados Unidos1 aCenter for International Environmental Law-Cie997669 aCuscobCenter for International Environmental Law-Cielc2002 cARTICULO1 tIn Environment legislation on access to genetic resources, traditional knowledge and intellectual property rights c12883d12883 001040718HEMEROTECAaBogotabBogotad2015-02-27hFuera de circulaciónl0oAR 03848p017409r2015-03-25 00:00:00t1w2015-03-25xDonaciónyARTICULO